The role of public administration in building a harmonious society : selected proceedings from the Annual Conference of the Network of Asia-Pacific Schools and Institutes of Public Administration and Governance (NAPSIPAG
This book includes many parts: enlarging citizen participation and increasing autonomy of local government in achieving societal harmony, public administration strategies that help or hinder societal harmony, innovations in governance and public service to archieve a harmonious society, ...
Đã lưu trong:
| Formáid: | Leabhar |
|---|---|
| Teanga: | Undetermined |
| Foilsithe: |
Philippines
ADB
2006
|
| Ábhair: | |
| Clibeanna: |
Cuir Clib Leis
Gan Chlibeanna, Bí ar an gcéad duine leis an taifead seo a chlibeáil!
|
| Thư viện lưu trữ: | Trung tâm Học liệu Trường Đại học Cần Thơ |
|---|
| LEADER | 01049nam a2200205Ia 4500 | ||
|---|---|---|---|
| 001 | CTU_189632 | ||
| 008 | 210402s9999 xx 000 0 und d | ||
| 082 | |a 323 | ||
| 082 | |b R745 | ||
| 245 | 4 | |a The role of public administration in building a harmonious society : | |
| 245 | 0 | |b selected proceedings from the Annual Conference of the Network of Asia-Pacific Schools and Institutes of Public Administration and Governance (NAPSIPAG | |
| 245 | 0 | |c edited by Raza Ahmad | |
| 260 | |a Philippines | ||
| 260 | |b ADB | ||
| 260 | |c 2006 | ||
| 520 | |a This book includes many parts: enlarging citizen participation and increasing autonomy of local government in achieving societal harmony, public administration strategies that help or hinder societal harmony, innovations in governance and public service to archieve a harmonious society, ... | ||
| 650 | |a Political participation,Public administration,Tham gia chính trị,Hành chính công | ||
| 650 | |z Asia,Asia | ||
| 904 | |i Trúc | ||
| 980 | |a Trung tâm Học liệu Trường Đại học Cần Thơ | ||